Interpretando la Constitución (Registro nro. 7157)

Detalles MARC
000 -LEADER
fixed length control field 01169 a2200265 4500
001 - CONTROL NUMBER
control field 60967
005 - DATE AND TIME OF LATEST TRANSACTION
control field 20260407155900.0
008 - FIXED-LENGTH DATA ELEMENTS--GENERAL INFORMATION
fixed length control field 260407a1995 arg spa d
003 - CONTROL NUMBER IDENTIFIER
control field AR-UNSa-BCEJYS
040 ## - CATALOGING SOURCE
Original cataloging agency AR-UNSa-BCEJYS
Language of cataloging spa
Transcribing agency AR-UNSa-BCEJYS
080 ## - UNIVERSAL DECIMAL CLASSIFICATION NUMBER
Universal Decimal Classification number 342.4
Common auxiliary subdivision Constituciones. Asambleas legislativas. Asambleas nacionales (Reforma...)
020 ## - INTERNATIONAL STANDARD BOOK NUMBER
International Standard Book Number 978-950-9385-25-2
041 ## - LANGUAGE CODE
Language code of text/sound track or separate title spa
100 1# - MAIN ENTRY--PERSONAL NAME
Personal name Carrió, María Elisa
245 10 - TITLE STATEMENT
Title Interpretando la Constitución
264 #1 - PRODUCTION, PUBLICATION, DISTRIBUTION, MANUFACTURE, AND COPYRIGHT NOTICE
Place of production, publication, distribution, manufacture Buenos Aires :
Name of producer, publisher, distributor, manufacturer Ediciones Ciudad Argentina
Date of production, publication, distribution, manufacture, or copyright notice 1995
300 ## - PHYSICAL DESCRIPTION
Extent 139 p.
Dimensions 20 cm.
505 ## - FORMATTED CONTENTS NOTE
Formatted contents note 1. Contenido e interpretación de los derechos constitucionales / Roberto Dromi - 2.Alcance de los tratados en la hermeneutica constitucional / María Elisa Carrió - 3. El Nuevo Poder Ejecutivo / Ricardo Gil Lavedra - 4. la Nueva Justicia: El Consejo de la Magistratura / Humberto Quiroga Lavié - 5. Diálogo entre Nación, provincias y municipios / Pedro j. Frías -
590 ## - LOCAL NOTE (RLIN)
Local note niveau_biblio:m niveau_hierar:0
700 1# - ADDED ENTRY--PERSONAL NAME
Personal name Dromi, José Roberto
700 1# - ADDED ENTRY--PERSONAL NAME
Personal name Frías, Pedro José
700 1# - ADDED ENTRY--PERSONAL NAME
Personal name Gil Lavedra, Ricardo
700 1# - ADDED ENTRY--PERSONAL NAME
Personal name Quiroga Lavié, Humberto
942 ## - ADDED ENTRY ELEMENTS (KOHA)
Koha item type
Existencias
Withdrawn status Lost status Damaged status Not for loan Home library Current library Shelving location Date acquired Total checkouts Full call number Barcode Date last seen Price effective from Koha item type
        Biblioteca Prof. Eusebio Cleto del Rey Biblioteca Prof. Eusebio Cleto del Rey   07/04/2026   342.4 I61 L70189 07/04/2026 07/04/2026 Libro
        Biblioteca Prof. Eusebio Cleto del Rey Biblioteca Prof. Eusebio Cleto del Rey   07/04/2026   342.4 I61 L70190 07/04/2026 07/04/2026 Libro